000 00628nam a2200193Ia 4500
003 GCL
008 140319s9999 xx 000 0 ara d
040 _aGCL /
_cGCL
082 0 4 _a347.04
_bم د
100 1 _aمحمد المنجى
245 1 0 _aدعوى صحة التعاقد: مراحل الدعوة من تحرير الصحيفة الى الطعن بالنقض /
_cمحمد المنجى
260 _a[S.N] :
_b2000 للثقافة والنشر ،
_c1991
300 _a398 ص
490 _a
650 0 4 _aالقانون
650 0 4 _aقانون المرافعات
650 0 4 _aمحاكم النقض
942 _2ddc
_cBK
999 _c37289
_d37289